| 000 | 00598cam a22002291 4500 | ||
|---|---|---|---|
| 001 | sa 68005694 | ||
| 003 | DLC | ||
| 005 | 20260227112510.0 | ||
| 008 | 890328s1967 xx 000 0 pan | ||
| 010 | _asa 68005694 | ||
| 035 | _a(OCoLC)23542080 | ||
| 040 |
_aDLC _cMiU _dDLC |
||
| 042 | _apremarc | ||
| 050 | 0 | 0 |
_aPK3659 _b.B3 |
| 100 | 1 |
_aBakhshi Ram, _d1903- |
|
| 245 | 1 | 0 |
_aMahaṃ Rishī Bālamīka: _bduniaṃ dā paihiiā kalākāra. |
| 260 | _c[1967] | ||
| 300 |
_a127 p. _bcol. illus. _c19 cm. |
||
| 500 | _aIn Panjabi. | ||
| 504 | _aBibliography: p. 123-127. | ||
| 600 | 0 | 0 | _aVālmīki |
| 999 |
_c80886 _d80886 |
||